Potenciál racionalizačných opatrení vo verejnom osvetlení

Gespeichert in:
Bibliographische Detailangaben
1. Verfasser: Páločný, Matúš (Verfasst von)
Weitere Verfasser: Janiga, Peter (Betreuung Doktorarbeit)
Format: Manuskript Buch
Sprache:Slowakisch
Veröffentlicht: Bratislava : STU v Bratislave FEI, 2025
Schlagworte:
Online-Zugang:https://opac.crzp.sk/?fn=detailBiblioFormChildA11Q2G8&sid=BA75C2D62745AD5726EE909ED92F&seo=CRZP-detail-kniha
Tags: Tag hinzufügen
Keine Tags, Fügen Sie das erste Tag hinzu!

MARC

LEADER 00000ntm a22000003a 4500
001 stuzp91211
003 SK-STU
005 20260203100235.2
007 ta
008 150427s2015----xo-----f-mn---000-0-slo-d
040 |a STU  |b slo 
041 0 |a slo 
044 |a xo 
100 1 |a Páločný, Matúš  |u 032000  |4 aut  |U FEI Fakulta elektrotechniky a informatiky  |T FEI Ústav elektroenergetiky a aplikovanej elektrotechniky  |X 111537  |U E020  |Y 548  |7 111537 
242 0 1 |a Potential of Energy Saving Measures in Road Lighting  |y eng 
245 1 0 |a Potenciál racionalizačných opatrení vo verejnom osvetlení 
260 |a Bratislava :  |b STU v Bratislave FEI,  |c 2025 
300 |a 92 s. 
650 4 |a Verejné osvetlenie  |2 slo 
650 4 |a Energetická hospodárnosť  |2 slo 
650 4 |a Riadenie osvetlenia  |2 slo 
650 4 |a Racionalizačné opatrenia  |2 slo 
650 4 |a Public lighting  |2 eng 
650 4 |a Energy efficiency  |2 eng 
650 4 |a Lighting control  |2 eng 
650 4 |a Rationalization measures  |2 eng 
700 1 |a Janiga, Peter  |u 032000  |k Z1  |4 ths  |U FEI Fakulta elektrotechniky a informatiky  |T FEI Ústav elektroenergetiky a aplikovanej elektrotechniky  |X 24468  |U E020  |Y 548  |7 A000024468 
856 4 |u https://opac.crzp.sk/?fn=detailBiblioFormChildA11Q2G8&sid=BA75C2D62745AD5726EE909ED92F&seo=CRZP-detail-kniha